|
|
|
|
| LEADER |
01935nam a22004812a 4500 |
| 001 |
001537037 |
| 003 |
CZ BrMZK |
| 005 |
20170320133613.0 |
| 007 |
ta |
| 008 |
160726s1983 xr erc||||||||||cze d |
| 015 |
|
|
|z cnb000046574
|z cnb000023602
|
| 020 |
|
|
|q (Brož.)
|
| 035 |
|
|
|a (OCoLC)39410229
|
| 040 |
|
|
|a ABA001
|b cze
|d ABA001
|d BOA001
|
| 043 |
|
|
|a e-xr---
|
| 045 |
|
|
|a x-x-
|
| 072 |
|
7 |
|a 75
|x Malířství
|2 Konspekt
|9 21
|
| 080 |
|
|
|a 75(437.3)
|2 MRF
|
| 080 |
|
|
|a 76(437.3)
|2 MRF
|
| 080 |
|
|
|a 7.036/.038
|2 MRF
|
| 080 |
|
|
|a (437.3)
|2 MRF
|
| 080 |
|
|
|a (083.824)
|2 MRF
|
| 100 |
1 |
|
|a Hora, František,
|d 1913-2004
|7 jn99240000306
|4 art
|
| 245 |
1 |
0 |
|a František Hora :
|b výběr z životního díla : [katalog výstavy, Roudnice nad Labem, listopad 1983 /
|c text Jan Škvára ; fotografie Oldřich Holan]
|
| 246 |
1 |
4 |
|a F. Hora
|
| 260 |
|
|
|a Roudnice nad Labem :
|b Oblastní galerie výtvarného umění,
|c 1983
|
| 300 |
|
|
|a [6] s., [10] s. obr. příl. :
|b il. ;
|c 21 cm +
|e seznam obrazů, akvarelů a grafiky, [2] s.
|
| 500 |
|
|
|a Životopisné údaje
|
| 500 |
|
|
|a 1800 výt.
|
| 500 |
|
|
|a Samostatné výstavy a účast na výstavách
|
| 500 |
|
|
|a Vyd. k 70. narozeninám F. Hory
|
| 600 |
1 |
7 |
|a Hora, František,
|d 1913-2004
|7 jn99240000306
|2 czenas
|
| 648 |
|
7 |
|a 20. století
|7 ch460558
|
| 650 |
0 |
7 |
|a české malířství
|7 ph116864
|y 20. století
|2 czenas
|
| 650 |
0 |
7 |
|a česká grafika
|7 ph128116
|y 20. století
|2 czenas
|
| 650 |
0 |
7 |
|a moderní umění
|7 ph115340
|z Česko
|y 20. století
|2 czenas
|
| 655 |
|
7 |
|a katalogy výstav
|7 fd132536
|2 czenas
|
| 700 |
1 |
|
|a Škvára, Jan,
|d 1933-
|7 jn99240001642
|4 aut
|
| 700 |
1 |
|
|a Holan, Oldřich
|7 jn20001005439
|4 ill
|
| 910 |
|
|
|a BOA001
|b X-0879.663
|b X-0937.397
|
| 990 |
|
|
|a BK
|
| 996 |
6 |
|
|b 2619167810
|c X-0937.397
|l MZK
|r Sklad / do 24 hodin
|n 0
|w 001572010
|u 000020
|a 1
|e BOA001
|j MZK50
|s P
|
| 996 |
6 |
|
|b 2619170160
|c X-0879.663
|l MZK
|r Sklad / do 24 hodin
|n 0
|w 001572010
|u 000010
|a 1
|e BOA001
|j MZK50
|s P
|